Plus Grandes Villes Estonie, Lettonie, Lituanie - Statistiques

Statistiques générales
  • Ce quiz a été pris 171 fois
  • Le résultat moyen est 8 sur 15
Statistiques - réponses
Ville
Population
(en milliers)
% Correct
Lettonie Riga 705
100%
Estonie Tallinn 396
99%
Lituanie Vilnius 540
99%
Kaunas 361
83%
Tartu 101
66%
Klaipeda 187
55%
Daugavpils 103
47%
Narva 66
45%
Pärnu 44
42%
Jurmala 56
28%
Liepaja 83
28%
Siauliai 129
27%
Jelgava 64
24%
Panevezys 115
20%
Kohtla Järve 45
11%
Aucun quiz correspondant
Distribution des résultats
% des personnes avec chaque résultat
Percentile par nombre de réponses
Votre historique - résultats
Vous n’avez pas pris ce quiz